Statistics for Popular songs 2016

Click here to take the quiz!

General Stats

  • This quiz has been taken 3,206 times
    (1,870 since last reset)
  • The average score is 8 of 22

Answer Stats

HintAnswer% Correct
Cmon cmon, turn the radio on. It's Saturday and I won't be long...Cheap Thrills
78%
My name is ___ My sign is ___No
74%
Wish we could turn back time, to the good old days...Stressed out
71%
Crashing, hit a wall. Right now I need a miracle...Don't let me down
55%
Tell your friends it was nice to meet them...Closer
52%
Superman got nothing on me...One call away
47%
It was a big big world...7 years
45%
Everybody gets high sometimes you know...Cold water
42%
Something bout you, makes me wanna do things I shouldn't...Dangerous woman
40%
And youre spending all your time in this wrong situation...Treat you better
40%
You don't know the half of the abuse...Heathens
39%
When you smiled over your shoulderSay you won't let go
31%
You're always on that night shift, but I can't stand these nights alone...Work from home
30%
Never let you go, never let me down...Let me love you
29%
I love to hold you close, tonight and always...Pillow talk
29%
Don't want to but I can't put, nobody else above you...I hate you I love you
26%
Welcome to ___ _____ baby take control now...My house
21%
I'm not trying to be funny but I left it all at home today...No money
20%
Boys seem to like the girls who like to kiss and tell...Hideaway
18%
Heartbreak is the national anthem, we sing it proudly...New Romantics
14%
Tell me where you been...I know what you did last summer
7%
Take my hand through the flames...Sucker for pain
6%

Score Distribution

Percentile by Number Answered

Percent of People with Each Score

Your Score History

You have not taken this quiz since the last reset